000 00401nam a2200157Ia 4500
008 210210b1985 xxu||||| |||| 00| 0 eng d
082 _a616.01 CHOT
100 _aCHOPRA (H L).
245 _aTextbook of medical microbiology.
250 _a
260 _aDelhi.
_bSeema Publications,
_c1985
300 _a792
650 _aMedical Microbiology
690 _aMedical Microbiolog
906 _a04439
999 _c93642
_d93642